Pays par production laitière - Statistiques

Statistiques générales
  • Ce quiz a été pris 108 fois
  • Le résultat moyen est 8 sur 10
Statistiques - réponses
Tonnes (en millions) Pays % Correct
26,5 France
100%
98,7 États-Unis
98%
35,6 Chine
97%
30,6 Russie
92%
34,1 Brésil
91%
188 Inde
89%
33 Allemagne
88%
45,8 Pakistan
58%
22,1 Turquie
56%
21,4 Nouvelle-Zélande
48%
Aucun quiz correspondant
Distribution des résultats
% des personnes avec chaque résultat
Percentile par nombre de réponses
Votre historique - résultats
Vous n’avez pas pris ce quiz